00426nam a2200157Ia 450000500170000000800410001704000190005804100120007708200130008910000140010224500400011626000400015630000120019650400500020885000100025820230203143439.0131103s9999 xx 000 0 und d aLoreto College aEnglish a880bKIR aKirk,G.S. 4aThe nature of Greek mythscG.S.Kirk aHarmoundsworthbPenguin Booksc1976 a335 p.  aIncludes bibliographical references and index aLCLIB